Welding skills workbook (Record no. 3750)

000 -LEADER
fixed length control field 00488nam a2200193 4500
001 - CONTROL NUMBER
control field 3750
003 - CONTROL NUMBER IDENTIFIER
control field BD-DhUET
008 - FIXED-LENGTH DATA ELEMENTS--GENERAL INFORMATION
fixed length control field 141105b xxu||||| |||| 00| 0 eng d
020 ## - INTERNATIONAL STANDARD BOOK NUMBER
International Standard Book Number 0826930050
040 ## - CATALOGING SOURCE
Transcribing agency 0
Modifying agency BD-DhUET
082 ## - DEWEY DECIMAL CLASSIFICATION NUMBER
Classification number 671.52
Item number GOS/1994
100 ## - MAIN ENTRY--PERSONAL NAME
Personal name Gosse, Jonathan F.
245 ## - TITLE STATEMENT
Title Welding skills workbook
Statement of responsibility, etc. by Jonathan F. Gosse
250 ## - EDITION STATEMENT
Edition statement 1st ed.
260 ## - PUBLICATION, DISTRIBUTION, ETC. (IMPRINT)
Place of publication, distribution, etc. Illinois
Name of publisher, distributor, etc. American Technical society
Date of publication, distribution, etc. 1994
300 ## - PHYSICAL DESCRIPTION
Extent 246p.
650 #0 - SUBJECT ADDED ENTRY--TOPICAL TERM
Topical term or geographic name as entry element Welding-Workbook
942 ## - ADDED ENTRY ELEMENTS (KOHA)
Koha item type General Book
Holdings
Withdrawn status Price effective from Lost status Koha normalized classification for sorting Source of classification or shelving scheme Piece designation (barcode) Koha full call number Location (home branch) Koha date last seen Not for loan Copy number Koha item type Sublocation or collection (holding branch) Damaged status Date acquired Shelving location
 2014-11-05 671_000000000000000_52GOS1994 93441671.52/GOS/1994Central Library, BUET2014-11-05 1General BookCentral Library, BUET 2014-11-05Circulation section
 2014-11-18 671_520000000000000_GOS_1994 93440671.52/GOS/1994Central Library, BUET2014-11-18 2General BookCentral Library, BUET 2014-11-18Circulation section